| 000 | 00916nam2a2200229 4500 | ||
|---|---|---|---|
| 001 | RU\NLR\BIBL_A\022579276 | ||
| 005 | 20250721123906.0 | ||
| 035 | _a(NLR Aleph) 022579276 | ||
| 090 |
_a13449234 _c13449234 |
||
| 100 | _a20250703d2025 |||y0rusy50 ca | ||
| 101 | 0 | _arus | |
| 102 | _aRU | ||
| 200 | 1 | _aОбразование в России: достижения и перспективы | |
| 210 | _d2025 | ||
| 461 | 0 |
_1001RU\NLR\INFOCOMM31\5000012721 _12001#$aСибирский учитель$eРегион. науч.-метод. журн.$v2025, № 1 (158) _94487905 _cНовосибирск _d2000- _nБ. и. _oРегион. науч.-метод. журн. _tСибирский учитель _v2025, № 1 (158) |
|
| 606 | 1 |
_aОбразование _yРоссия _92229324 _3RU\NLR\AUTH\661338133 |
|
| 686 | 1 | _aЧ34(2) | |
| 852 |
_aNLR _jП29/1010 |
||
| 942 | _cISSUE | ||
| 980 | _aNB | ||
| 980 | _aRUSPER | ||